| 000 | 00354pam a2200169 a 4500 | ||
|---|---|---|---|
| 020 | _c | ||
| 040 | _aGJVL_380014 | ||
| 041 | _aEng | ||
| 082 |
_a425 _bAGE |
||
| 100 | _aAgel, Jerome B | ||
| 245 |
_aTest your word power _hPaper |
||
| 250 | _a1st ed | ||
| 260 |
_a[S.l.] _bBallantine Books _c1984 |
||
| 300 | _a272 | ||
| 365 | _a30.00 | ||
| 930 | _a10215 | ||
| 999 |
_c87120 _d87120 |
||